Essentials of chemistry in the laboratory / (Record no. 183321)
[ view plain ]
| 000 -LEADER | |
|---|---|
| fixed length control field | 00941 a2200169 4500 |
| 003 - CONTROL NUMBER IDENTIFIER | |
| control field | NUST |
| 005 - DATE AND TIME OF LATEST TRANSACTION | |
| control field | 20230712100024.0 |
| 040 ## - CATALOGING SOURCE | |
| Transcribing agency | Nust |
| 082 ## - DEWEY DECIMAL CLASSIFICATION NUMBER | |
| Classification number | 540,FRA |
| 100 ## - MAIN ENTRY--PERSONAL NAME | |
| Personal name | Frantz, Harper Wine. |
| 9 (RLIN) | 99694 |
| 245 ## - TITLE STATEMENT | |
| Title | Essentials of chemistry in the laboratory / |
| Statement of responsibility, etc. | Harper W. Frantz [and] Lloyd E. Malm. Drawings by Roger Hayward. |
| 260 ## - PUBLICATION, DISTRIBUTION, ETC. | |
| Place of publication, distribution, etc. | San Francisco, ] |
| Name of publisher, distributor, etc. | W. H. Freeman |
| Date of publication, distribution, etc. | [1961 |
| 300 ## - PHYSICAL DESCRIPTION | |
| Extent | 308 p. illus. |
| Other physical details | 26 cm. |
| 505 ## - FORMATTED CONTENTS NOTE | |
| Formatted contents note | Introductory Measurement, Properties, Structure (Page-3), Introductory Descriptive Chemistry (Page-53), Weight and Volume Relationships (Page-81), Chemical Bonding and Electron Behavior (Page-127), The Chemistry of Some Nonmetals of Group (Page-171), Principles of Solution Chemistry (Page-209), Energy, Reaction Rates and Chemical Equilibrium (Page-255), Properties of Some Metal Ions (Page-311), Organic Chemistry (Page-339). |
| 650 ## - SUBJECT ADDED ENTRY--TOPICAL TERM | |
| Topical term or geographic name entry element | chemistry in the laboratory |
| 9 (RLIN) | 99695 |
| 942 ## - ADDED ENTRY ELEMENTS (KOHA) | |
| Source of classification or shelving scheme | |
| Koha item type | Book |
| Call number prefix | 540,FRA |
| Withdrawn status | Lost status | Source of classification or shelving scheme | Damaged status | Not for loan | Permanent Location | Current Location | Shelving location | Date acquired | Full call number | Barcode | Date last seen | Price effective from | Koha item type | Public note |
|---|---|---|---|---|---|---|---|---|---|---|---|---|---|---|
| Military College of Signals (MCS) | Military College of Signals (MCS) | General Stacks | 12/12/2016 | 540,FRA | MCS6381 | 12/08/2016 | 12/12/2016 | Book | Almirah No.25, Shelf No.1 | |||||
| Military College of Signals (MCS) | Military College of Signals (MCS) | General Stacks | 12/12/2016 | 540,FRA | MCS6500 | 12/08/2016 | 12/12/2016 | Book | Almirah No.77, Shelf No.4 |
